00452nam a2200181 a 4500001001300000003000900013005001700022008004100039020001000080082001400090100002200104245001800126260005800144300000900202500003500211505001300246650001100259nice12345678IN_TiNIC20260116011324.0050524s1923 hyda grp 000 0 urd  ac10000a170bMAC1 aMackenzie, John S aIml-E-Ikhlaq/ aHyderabadbDarut Taba Jamia Osmania sarkar aalic1923 a408p aincludes index and biblioraphy2 aArchives aEthics